La dama y el paje (Record no. 114458)

MARC details
000 -LEADER
campo de control de longitud fija 00711nam a2200205 i 4500
001 - NÚMERO DE CONTROL
campo de control 114458
003 - IDENTIFICADOR DE NÚMERO DE CONTROL
campo de control ES-MaACL
005 - FECHA Y HORA DE LA ÚLTIMA TRANSACCIÓN
campo de control 20240524193120.0
007 - CAMPO FIJO DE DESCRIPCIÓN FÍSICA--INFORMACIÓN GENERAL
campo de control de longitud fija t|
008 - DATOS DE LONGITUD FIJA--INFORMACIÓN GENERAL
campo de control de longitud fija 070301s1868 sp |||| | spa d
080 ## - NÚMERO DE LA CLASIFICACIÓN DECIMAL UNIVERSAL
Número de la Clasificación Decimal Universal 821.111-31"18"
100 1# - ENTRADA PRINCIPAL--NOMBRE DE PERSONA
Nombre de persona James, George Payne Rainsford.
9 (RLIN) 65965
245 13 - MENCIÓN DEL TÍTULO
Título La dama y el paje
Resto del título : novela histórica /
Mención de responsabilidad, etc. por G.P.R. James ; traducida directamente del inglés.
260 ## - PUBLICACIÓN, DISTRIBUCIÓN, ETC.
Lugar de publicación, distribución, etc. Madrid :
Nombre del editor, distribuidor, etc. [s.n.],
Fecha de publicación, distribución, etc. 1868 (
Fabricante Imp. de las Novedades)
300 ## - DESCRIPCIÓN FÍSICA
Extensión 252 p. ;
Dimensiones 22 cm.
490 1# - MENCIÓN DE SERIE
Mención de serie Folletín de las Novedades
830 0# - PUNTO DE ACCESO ADICIONAL DE SERIE-TÍTULO UNIFORME
Título uniforme Folletín de las novedades
9 (RLIN) 185765
852 ## - LOCALIZACIÓN
Ubicación ES-MaACL
Número de control de estantería G-4760(7)
Nota libre - Enc. con otras obras
-- . - Legado M. de la Fuente
Holdings
Estatus retirado Estado de pérdida Estado de daño No para préstamo Colección Biblioteca de origen Biblioteca actual Ubicación en estantería Fecha de adquisición Fuente de adquisición Total de préstamos Signatura topográfica completa Código de barras Visto por última vez Precio de reemplazo Tipo de ítem Koha
        Libros del s. XIX Biblioteca del Ateneo de Madrid Biblioteca del Ateneo de Madrid Depósito 2 17/01/2008     G-4760(7) 1119364 23/02/2023 23/02/2023 Libro impreso antiguo